• 首页
  • 本馆介绍
  • 公告通知
  • 最新文献
  • 馆藏检索
  • 电子资源
  • 读者导购
  • 参考咨询
  • 我的图书馆
  • 登录
  • 详细信息显示
  • 放入我的书架
  • 预约/预借图书
  • 作者相关作品
  • 分类相关作品
  • 丛书相关作品
  • 出版社相关作品

书目信息

  • 表格格式
  • 工作单格式
  • 卡片格式
题名:
水文水资源集对分析
    
 
作者: 王文圣 著
分册:  
出版信息: 北京   科学出版社  2010.4
页数: 183页
开本: 24cm
丛书名:
单 册:
中图分类: P33 , TV211.1
科图分类:
主题词: 水文学--集论--研究 , 水资源--集论--研究 , 水文学 , 集论 , 水资源
电子资源:
ISBN: 978-7-03-027160-0
000 01252nam0 2200325 450
001 0400003786
005 20171022141540.0
010    @a978-7-03-027160-0@dCNY50.00
100    @a20100531e20172010em y0chiy50 ea
101 0  @achi
102    @aCN@b110000
105    @ay z 000yy
106    @ar
200 1  @a水文水资源集对分析@9shui wen shui zi yuan ji dui fen xi@dSet pair analysis for hydrology and water resources systems@f王文圣[等]著@zeng
210    @a北京@c科学出版社@d2010.4@h2017.2
215    @a183页@d24cm
300    @a国家科学技术学术著作出版基金资助出版 科技基础性工作专项项目资助 国家自然科学基金资助
304    @a著者还有:李跃清、金菊良、丁晶
330    @a本书初步建立了水文水资源集对分析方法体系,并较系统地将其应用于水文水资源分析计算、预测、评价及决策中;论述了集对分析的基本概念和基本原理,重点介绍水文水资源集对分析计算、评价、预测和决策方法。
510 1  @aSet pair analysis for hydrology and water resources systems@zeng
606 0  @a水文学@x集论@x研究
606 0  @a水资源@x集论@x研究
606 0  @a水文学
606 0  @a集论
606 0  @a水资源
690    @aP33@v4
690    @aTV211.1@v4
701  0 @a王文圣@9wang wen sheng@f(1970~)@4著
801  0 @aCN@b91MARC@c20171022
905    @b1023165-9@dP33@f5@e119
    
    水文水资源集对分析=Set pair analysis for hydrology and water resources systems/王文圣[等]著.-北京:科学出版社,2010.4(2017.2)
    183页;24cm
    国家科学技术学术著作出版基金资助出版 科技基础性工作专项项目资助 国家自然科学基金资助
    
    ISBN 978-7-03-027160-0:CNY50.00
    本书初步建立了水文水资源集对分析方法体系,并较系统地将其应用于水文水资源分析计算、预测、评价及决策中;论述了集对分析的基本概念和基本原理,重点介绍水文水资源集对分析计算、评价、预测和决策方法。
●
相关链接 在E读中查询图书 在五车中查询图书 在当当中查询图书 在豆瓣中查询图书


正题名:水文水资源集对分析     索取号:P33/119         预约/预借

序号 登录号 条形码 馆藏地/架位号 状态 备注
1 1023165   210231658   第二样本阅览室/ [索取号:P33/119] 在馆    
2 1023166   210231667   密集书库-生命科学系/ [索取号:P33/119] 在馆    
3 1023167   210231676   第三借阅区/ [索取号:P33/119] 在馆    
4 1023168   210231685   第三借阅区/ [索取号:P33/119] 在馆    
5 1023169   210231694   第三借阅区/ [索取号:P33/119] 在馆    
唐山师范学院图书馆 欢迎您!
大连网信软件有限公司© 版权所有